LEADER 01025nam a2200253 u 4500 001 000000055467 003 CaOOAMICUS 005 20070226115804.0 008 010131s1973 it u000 u ita u 035 $a10866774 040 $aPUL(R)$bita 100 1 $aVinay, Valdo.$0(OLS)http://pul/name/9916 245 10$aBarba Morel e Bucero sulla giustificazione della fede /$cValdo Vinay. 260 $a[S. l. :$bs. n.],$c1973. 300 $aP. [29]-36 ;$c24 cm 500 $a"Estratto da 'Bollettino della Società di Studi Valdesi' n.133". 504 $aBibliografia in nota. 610 24$aChiesa evangelica valdese.$0(OLS)http://pul/subject/15649 850 $aPUL 852 $aPUL$W1$xDP1 Fondo Maccarrone$y58$m1527 E 50$j72919$nBK-PRI$b $qFondi$B72919$CPULBib$Z2$F72919 $H $81 941 1 $a1 961 $aINV: F. Maccarrone 996 $6245$aBarba Morel e Bucero sulla giustificazione della fede$9(OLS)http://pul/title/74261 996 $6260$a[S. l. :$bs. n.]$9(OLS)http://pul/publisher/47882 LEADER 01115nam a2200265 u 4500 001 000000056738 003 CaOOAMICUS 005 20070226120516.0 008 010419s1982 gw u000 u ger u 020 $a3466202329 035 $a10885988 040 $aPUL(R)$bita 100 1 $aMette, Norbert,$d1946-$0(OLS)http://pul/name/31241 245 10$aKirchlich distanzierte Christlichkeit :$beine Herausforderung für die Praktische Kirchentheorie /$cNorbert Mette. 260 $aMünchen :$bKösel,$cc1982. 300 $a204 p. ;$c21 cm 504 $aBibliografia in nota. 650 4$aCristianesimo e società.$0(OLS)http://pul/subject/1182 850 $aPUL 852 $aPUL$W1$xSL Religione 1$y3$m62 E 89$j74368$nBK-PRI$b $qStampati$B74368$CPULBib$Z2$F74368 $H $81 941 1 $a8 961 $aINV: 63503 996 $6020$a3466202329$9(OLS)http://pul/number/71602 996 $6245$aKirchlich distanzierte Christlichkeit :$beine Herausforderung für die Praktische Kirchentheorie$9(OLS)http://pul/title/75898 996 $6260$aMünchen :$bKösel$9(OLS)http://pul/publisher/51630